[Event "XIV Figueira da Foz Open 2020"]
[Site "Figueira da Foz"]
[Date "2020.10.29"]
[Round "7.3"]
[White "Martin Duque, Jesus"]
[Black "Janik, Igor"]
[Result "1-0"]
[WhiteElo "2426"]
[BlackElo "2489"]
[Annotator "TA"]
[PlyCount "139"]
[EventDate "2020.10.24"]
[EventType "swiss"]
[EventCountry "POR"]
[SourceTitle "playchess.com"]
[Source "ChessBase"]
[SourceQuality "1"]

{[%evp 12,139,32,7,49,20,36,17,29,32,60,67,81,20,25,13,16,23,18,0,0,0,0,7,50,16,27,25,17,18,20,11,23,13,20,20,17,18,26,25,36,10,38,44,35,35,44,44,44,20,45,48,27,27,34,34,36,33,44,44,44,23,44,44,45,45,1426,1397,1415,1331,1331,1310,1732,1738,5085,29950,6436,5135,2082,109,109,109,116,116,116,116,109,109,116,0,116,0,116,116,116,116,29972,116,116,116,116,116,116,116,116,116,116,116,116,0,116,116,29977,29978,29978,29979,29979,29980,29980,29981,29981,29982,29982,29983,29985,29986,29986,29987,29987,29988]} 1. e4 c5 2. Nf3 e6 3. d4 cxd4 4. Nxd4 Nc6 5. Nc3 Qc7 6. Be3 a6 7. Nxc6 {Recently 7.a3 got a lot of attention.} Qxc6 {B48: Sicilian: Taimanov: 5 Nc3 Qc7 6 Be3 a6 without Be2.} 8. f3 b5 {[#]} 9. Qd4 $146 ({Predecessor:} 9. Qd2 Bb7 10. O-O-O Rc8 11. Ne2 Nf6 12. Nd4 Qc7 13. g4 h6 14. h4 d5 15. e5 {½-½ (42) Lis,M (1846)-Bahzad,Z (2087) Krakow 2014}) 9... Bb7 {The position is equal.} 10. Bd3 f6 11. O-O Bd6 12. Rfd1 (12. a4 $16 {[%cal Ra4b5]} b4 13. Nb1) 12... Be5 $11 13. Qc5 Qxc5 14. Bxc5 Rc8 15. Be3 Ne7 16. a4 b4 17. Na2 Nc6 18. f4 Bxb2 19. Rab1 Ba3 20. c3 {[%cal Rc3b4]} a5 21. Rb3 Kf7 22. Bb5 {[#]} d5 $1 {[%mdl 512]} 23. exd5 exd5 24. Bc5 Rhd8 25. cxb4 axb4 26. Nxb4 Na5 27. Rxa3 Rxc5 28. Rad3 h6 29. h4 h5 30. f5 (30. R3d2 {seems wilder.} g6 31. Kf2 Bc6 32. Bxc6 Nxc6 33. Nxd5 Rc4 34. g3) 30... Bc8 31. Rxd5 Rcxd5 32. Rxd5 Rxd5 33. Nxd5 Bxf5 $14 {[%mdl 4096] Endgame KBN-KBN} 34. Kf2 g5 35. g3 Ke6 36. Ne3 Be4 37. Nc4 Nxc4 38. Bxc4+ {KB-KB} Kf5 $2 {[%mdl 8192]} (38... Kd6 $14) 39. a5 $18 gxh4 40. gxh4 Bb7 41. Be2 Kf4 42. Bxh5 f5 43. Be2 (43. Bd1 $18 Ba6 44. Be2) 43... Bc8 44. Bf3 Ba6 45. h5 $2 (45. Bd1 $18 {is the precise move to win.} Bb7 46. Be2) 45... Kg5 $16 46. Ke3 f4+ 47. Kd4 {Black must now prevent Ke5.} Kf5 48. Kc5 Kf6 49. Kd6 Bc4 50. Kc5 Ba6 $1 51. Kd4 Kf5 $1 52. Be4+ Kg5 53. Ke5 $1 {aiming for Bf3.} Bc8 $2 {[%mdl 8192] [#]} (53... Bf1 $16 54. h6 Kxh6 55. Kxf4 Kg7) 54. Bf3 $2 (54. Bd5 $1 {mates} Kxh5 55. Kxf4 Kg6 56. Ke5 Ba6 57. Kd4 Kf5 58. Bc4 Bc8 59. Kd5) 54... Ba6 55. Ke6 Bc4+ 56. Ke7 Kf5 57. Kf8 {Strongly threatening Kg7.} Kf6 58. Ke8 Ba6 59. Kd7 Bb5+ 60. Kd6 Bc4 $1 61. h6 (61. Kc7 {with more complications.} Bf1 62. Kb7 Bd3 63. Kc6 Ba6 64. Kc5) 61... Kg6 $2 {[%mdl 8192]} (61... Ba6 $16 62. h7 Kg7) 62. Ke5 {White mates.} Kxh6 63. Kxf4 Kg7 {[#]} 64. Ke3 $1 Ba6 65. Be2 Bc8 66. Kd4 Kf6 67. Kc5 Ke7 68. Kb6 Kd7 69. Bf3 Kd6 70. Bb7 {Av CentiPawn Loss W=347/B=341. Weighted=81/542} 1-0

[Event "XIV Figueira da Foz Open 2020"]
[Site "Figueira da Foz"]
[Date "2020.10.29"]
[Round "7.4"]
[White "Antolak, Julia"]
[Black "Dias, Paulo"]
[Result "1/2-1/2"]
[WhiteElo "2313"]
[BlackElo "2338"]
[Annotator "TA"]
[PlyCount "87"]
[EventDate "2020.10.24"]
[EventType "swiss"]
[EventCountry "POR"]
[SourceTitle "playchess.com"]
[Source "ChessBase"]
[SourceQuality "1"]

{[%evp 22,87,33,20,20,18,49,47,48,39,42,28,25,21,35,35,54,54,92,92,88,90,62,50,120,0,11,0,0,0,0,0,0,0,0,0,0,0,0,-321,0,0,0,0,0,0,0,0,0,0,0,0,0,0,0,0,0,0,0,0,0,0,0,0,0,0,0,0]} 1. e4 e5 2. Nf3 Nc6 3. Bb5 a6 4. Ba4 Nf6 5. O-O Be7 6. Re1 b5 7. Bb3 d6 8. c3 O-O 9. h3 Na5 10. Bc2 c5 11. d4 Nd7 12. a4 {[%cal Ba2a4,Ba4a5][%mdl 32]} Bb7 {C96: Closed Ruy Lopez: Chigorin Defence: 11 d4, replies other than 11...Qc7.} 13. d5 Nb6 14. b4 Nac4 {White is slightly better.} 15. a5 Nd7 {[#]} 16. Nbd2 $146 ({Predecessor:} 16. Ra2 Rc8 17. Bd3 f5 18. Nbd2 Nxd2 19. Rxd2 c4 20. Bc2 f4 21. Qe2 Rc7 22. Bd1 {0-1 (63) Gascon del Nogal,J (2455)-Svetushkin,D (2577) Roquetas de Mar 2017}) 16... Nxd2 17. Bxd2 c4 18. Be3 Nf6 19. Nh2 g6 20. f4 exf4 21. Bxf4 Nh5 22. Bh6 Re8 (22... Bh4 $14) 23. Qf3 (23. Qd2 $16) 23... Bg5 $11 24. Ng4 Bc8 $1 25. Rf1 Bxg4 26. Qxf7+ Kh8 27. Bxg5 Qxg5 28. hxg4 Rf8 $1 {[%cal Rf8f7]} 29. Qxf8+ Rxf8 30. Rxf8+ Kg7 31. Raf1 {The position is equal.} Qxg4 32. Bd1 Qxe4 {[#] ...Ng3 is the strong threat.} 33. Bxh5 gxh5 {[%mdl 4096] Endgame KQ-KRR} 34. R1f3 Qxd5 35. R8f5 {White wants to mate with Rg3+.} Qd1+ 36. Kh2 {Strongly threatening Rg3+.} Kg6 37. Rf6+ Kg5 38. Rf8 {Intending Rg8+ and mate.} h4 39. Rg8+ Kh5 40. Rf5+ Kh6 41. Rf4 Qe1 42. Rf6+ {[%mdl 64] [#] Double Attack} Kh5 {And now ...Qe5+ would win.} 43. Rf5+ Kh6 44. Rf6+ {Av CentiPawn Loss W=-5/B=-15. Weighted=-9/-10} 1/2-1/2

[Event "XIV Figueira da Foz Open 2020"]
[Site "Figueira da Foz"]
[Date "2020.10.29"]
[Round "7.5"]
[White "Santos, Jose Guilherme B Lim"]
[Black "Varela La Madrid, Tilsia Carolina"]
[Result "1-0"]
[WhiteElo "2229"]
[BlackElo "2060"]
[Annotator "TA"]
[PlyCount "77"]
[EventDate "2020.10.24"]
[EventType "swiss"]
[EventCountry "POR"]
[SourceTitle "playchess.com"]
[Source "ChessBase"]
[SourceQuality "1"]

{[%evp 29,77,0,6,-7,0,0,0,0,0,0,12,-43,-49,-45,-12,-7,0,0,12,-10,7,-9,5,0,48,48,59,70,97,100,132,138,173,169,184,164,162,177,158,160,113,83,70,59,721,718,717,712,697,691]} 1. c4 c6 2. e4 d5 3. exd5 cxd5 4. d4 Nf6 5. Nc3 Nc6 6. Nf3 Bg4 7. cxd5 Nxd5 8. Qb3 Bxf3 9. gxf3 Nb6 10. Be3 e6 11. O-O-O Be7 12. d5 exd5 13. Nxd5 Nxd5 14. Rxd5 Qc7 15. Kb1 O-O 16. Bg2 {B13: Caro-Kann: Exchange Variation and Panov-Botvinnik Attack.} Rad8 17. f4 Bf6 18. Rc1 {The position is equal.} Rxd5 19. Bxd5 Qd7 {[#]} 20. Qb5 $146 (20. Be4 $11) ({Predecessor:} 20. Be4 Rd8 21. Qa4 h5 22. Qb5 Qe6 23. Qf5 Qxf5 24. Bxf5 Bd4 25. Be4 Bxe3 26. fxe3 {½-½ (44) Sadhwani,R (2451)-Dreev,A (2670) Villorba 2019}) 20... Qf5+ $15 21. Ka1 Ne7 (21... Nd4 {with more complications.} 22. Qc4 b5 23. Qc5 Rd8 24. Bxd4 Rxd5 25. Qc8+ Qxc8 26. Rxc8+ Bd8) 22. Bc4 $132 {[%mdl 2048] White is fighting back} Qxb5 23. Bxb5 a6 24. Bd3 Rc8 25. Re1 a5 26. Be4 a4 27. Kb1 b5 28. Rd1 b4 29. Rd7 a3 30. b3 g6 31. Rb7 Rd8 {With the idea ...Rd1+.} 32. Kc2 Nd5 33. Bxd5 $1 Rxd5 34. Rxb4 $18 {KRB-KRB} Rh5 35. Ra4 Rxh2 36. b4 {[#] Threatens to win with b5.} g5 $2 {[%mdl 8192]} (36... Bh4 $14) 37. fxg5 {White is clearly winning.} Be5 38. Rxa3 f5 39. Ra5 {Av CentiPawn Loss W=-5/B=-36. Weighted=-6/-79} 1-0

[Event "XIV Figueira da Foz Open 2020"]
[Site "Figueira da Foz"]
[Date "2020.10.29"]
[Round "7.6"]
[White "Garcia Dorado, Alberto"]
[Black "Fernandes, Joao Pedro Murtinho"]
[Result "1/2-1/2"]
[WhiteElo "2181"]
[BlackElo "2084"]
[Annotator "TA"]
[PlyCount "61"]
[EventDate "2020.10.24"]
[EventType "swiss"]
[EventCountry "POR"]
[SourceTitle "playchess.com"]
[Source "ChessBase"]
[SourceQuality "1"]

{[%evp 16,61,44,48,35,40,50,40,42,52,64,17,25,3,66,16,58,59,51,56,55,52,62,37,32,2,0,-32,-23,-72,-65,-134,-83,-83,-83,-85,-97,-120,-57,-110,-95,-106,-60,-60,-60,-77,-83,-133]} 1. d4 Nf6 2. c4 e6 3. Nc3 c5 4. d5 exd5 5. cxd5 d6 6. e4 g6 7. f4 Bg7 8. Bb5+ Nfd7 9. Be2 Qh4+ {A67: Modern Benoni: Taimanov Variation.} 10. g3 Qe7 11. Nf3 O-O {White is slightly better.} 12. O-O Na6 {[#]} 13. f5 $146 ({Predecessor:} 13. Re1 Nb6 14. Kg2 Bg4 15. h3 Bxf3+ 16. Bxf3 Rae8 17. e5 dxe5 18. fxe5 Qd8 19. d6 {½-½ (48) Gutov,A (2445)-Miroshnichenko,E (2670) Dubai 2011}) 13... Ne5 14. Nxe5 Qxe5 (14... Bxe5 $11 15. Bh6 Bd4+ 16. Kg2 Re8) 15. g4 (15. Bf4 $5 {[%cal Rf4e5]} Qe7 16. Qd2 $14) 15... Qd4+ 16. Qxd4 Bxd4+ 17. Kg2 Nc7 18. Bf4 Rd8 19. fxg6 hxg6 20. Bg5 Re8 21. Bf6 Bd7 22. g5 Bxc3 $1 23. bxc3 {[#]} (23. Bxc3 $15 Rxe4 24. Bf3) 23... Nxd5 $1 {[%mdl 512]} 24. exd5 $17 {aiming for Rfe1.} Rxe2+ 25. Rf2 {[#]} Re4 $1 26. Rb1 b5 ({Black should play} 26... b6 $17 27. Rb3 Rae8) 27. Rbf1 (27. Kg3 $1 $15) 27... Rae8 28. Rf4 a5 29. Rxe4 Rxe4 30. Kf3 Re8 31. Rd1 {Av CentiPawn Loss W=-21/B=-14. Weighted=-22/-14} 1/2-1/2

[Event "XIV Figueira da Foz Open 2020"]
[Site "Figueira da Foz"]
[Date "2020.10.29"]
[Round "7.7"]
[White "Alshameary Puente, Ismael"]
[Black "Stella, Andrea"]
[Result "1/2-1/2"]
[WhiteElo "2373"]
[BlackElo "2457"]
[Annotator "TA"]
[PlyCount "94"]
[EventDate "2020.10.24"]
[EventType "swiss"]
[EventCountry "POR"]
[SourceTitle "playchess.com"]
[Source "ChessBase"]
[SourceQuality "1"]

{[%evp 11,94,25,20,20,29,24,36,37,41,38,39,42,43,42,52,38,39,18,24,0,7,0,0,-6,-5,-39,-55,-66,-66,-71,-56,-71,-54,-66,0,0,0,-8,-25,-23,0,0,0,-42,-45,-96,-104,-107,-59,-59,-58,-58,-58,-59,-59,-82,-47,-72,-64,-59,-63,-89,-67,-67,-60,-88,-85,-85,-44,-44,0,-85,0,-18,0,0,0,-16,0,-44,0,-18,0,-23,0]} 1. d4 d5 2. c4 e6 3. Nc3 c6 4. Nf3 Nf6 5. Bg5 Nbd7 6. cxd5 exd5 7. Qc2 {D51: Queen's Gambit Declined: 4 Bg5 Nbd7 sidelines.} h6 8. Bh4 g5 9. Bg3 {White is slightly better.} Nh5 10. O-O-O Nxg3 11. hxg3 g4 12. Nh4 Nb6 13. e4 {[#]} dxe4 $146 ({Predecessor:} 13... Be6 14. e5 Nc4 15. Bxc4 dxc4 16. Nf5 Qa5 17. Kb1 O-O-O 18. Ne3 Bb4 19. Ne2 b5 {1-0 (35) Kramnik,V (2779)-L'Ami,E (2639) Douglas 2018}) 14. Qxe4+ Qe7 $1 15. Bd3 Be6 16. Rhe1 Qg5+ 17. Kb1 O-O-O 18. Nf5 (18. Ng6 $5 Qxg6 19. Qxg6 Bxa2+ 20. Kxa2 fxg6 21. Bxg6 $11) 18... Bb4 19. d5 Nxd5 20. Nxd5 Rxd5 21. Qxb4 Bxf5 22. Re7 $1 Bxd3+ {[#]} (22... Rd7 $15 23. Rxd7 Bxd7) 23. Rxd3 $1 $11 {[%mdl 512]} Qxe7 (23... Rxd3 24. Qxb7+) 24. Qxe7 Rxd3 25. Qxf7 $15 {[%mdl 4096] Endgame KQ-KRR} h5 26. Qf5+ Rd7 27. Qc5 a6 28. a3 (28. Qf5 $15) 28... Rd5 $17 29. Qe3 Rhd8 30. f3 gxf3 31. gxf3 Kb8 32. Kc2 Ka8 33. f4 Rg8 34. Qf3 Rf8 35. Qh1 Rfd8 36. Qf3 Rc5+ 37. Kb1 Rf8 38. Qe3 Rcf5 39. Qe7 R5f7 40. Qg5 Rf5 41. Qe7 R8f7 ({Better is} 41... Rg8 $17) 42. Qd8+ $11 Ka7 43. Qd4+ c5 44. Qd8 R7f6 45. Qe7 Rf7 (45... h4 $5 46. gxh4 Rf7 $11) 46. Qd8 R7f6 47. Qe7 Rf7 {Av CentiPawn Loss W=-13/B=-9. Weighted=-13/-9} 1/2-1/2

[Event "XIV Figueira da Foz Open 2020"]
[Site "Figueira da Foz"]
[Date "2020.10.29"]
[Round "7.8"]
[White "Fernandes, Miguel A. Murtinho"]
[Black "Djuric, Stefan"]
[Result "0-1"]
[WhiteElo "2139"]
[BlackElo "2358"]
[Annotator "TA"]
[PlyCount "77"]
[EventDate "2020.10.24"]
[EventType "swiss"]
[EventCountry "POR"]
[SourceTitle "playchess.com"]
[Source "ChessBase"]
[SourceQuality "1"]

{[%evp 15,77,47,71,31,35,27,41,13,68,60,50,38,59,46,72,56,69,24,31,33,10,16,16,14,117,114,106,95,91,83,199,210,206,69,105,67,150,104,146,128,194,-122,-123,-127,-10,-17,91,96,90,38,73,99,46,42,105,-587,-580,-571,-569,-569,-567,-656,-648,-695]} 1. d4 g6 2. c4 Nf6 3. Nc3 Bg7 4. e4 O-O 5. Nf3 d6 6. h3 Nbd7 7. Be3 a6 8. Be2 c6 9. a4 {E90: King's Indian: Classical: Early deviations and 6 h3.} a5 10. g4 e5 11. d5 {White is slightly better.} Qe7 ({Black should play} 11... Nc5 $11) 12. Nd2 $14 Nc5 {[%cal Bd7c5,Bc5a6,Ba6b4][%mdl 32] [#]} 13. g5 $146 ({Predecessor:} 13. h4 Nfd7 14. Nb3 f5 15. Nxc5 Nxc5 16. f3 Bd7 17. Qc2 Na6 18. O-O-O Nb4 19. Qd2 {½-½ (88) Zhao,Y (1959)-Liu,Q (2500) China 2014}) 13... Nfd7 14. h4 Na6 15. h5 $36 {[%mdl 2048] White is more active.} Nb4 $1 16. Na2 Nc5 17. Nxb4 axb4 18. Rg1 Bd7 19. a5 Ra6 (19... Rfd8 $11 {keeps the balance.}) 20. Bxc5 dxc5 21. Nb3 cxd5 22. cxd5 b5 (22... Rc8 $16) 23. axb6 $1 $18 Rxb6 24. Ra7 (24. h6 $1 $18 {[%cal Rh6g7]} Bh8 25. Ra7) 24... gxh5 25. Na5 (25. Bxh5 $6 c4 $11) 25... b3 (25... Qd8 $14) 26. Bxh5 c4 27. Qd2 Rc8 (27... Qc5 $16) 28. Rxd7 $2 ({White should try} 28. Rg3 $18) 28... Qxd7 $17 29. Bg4 {[#]} Qa4 (29... c3 $1 $17 {[%cal Rc3d2]} 30. Bxd7 (30. bxc3 b2) 30... cxd2+ 31. Kxd2 Rc2+ 32. Kd3 Rxf2) 30. Bxc8 $11 {And now Kf1 would win.} Bf8 (30... Qa1+ $11 31. Ke2 Qxg1) 31. Kf1 $16 {aiming for Qc3.} Bb4 {[%mdl 64] Double Attack} 32. Qd1 ({Better is} 32. Qe2 $16 Qxa5 33. Bf5) 32... Bxa5 33. Bf5 $1 {Threatens to win with Rh1.} ({Of course not} 33. d6 Qb4 $11) 33... c3 34. Qh5 Rg6 $1 {[#]} 35. Bxg6 $4 {[%mdl 8192]} (35. Rh1 $1 $16 {is necessary to keep the advantage.} Rg7 36. Bxh7+ Kf8 37. Bf5 (37. Kg2 $2 Bd8 $19)) 35... hxg6 $19 {Black is clearly winning.} 36. Qe2 c2 37. Kg2 {Now Rh1 and White clings on.} Qd4 38. Rh1 {[#] Black must now prevent Qg4.} Qd2 $1 {[%cal Rd2e2][%mdl 512]} 39. Qg4 {Quite a comeback for Black. Av CentiPawn Loss W=-51/B=-27. Weighted=-93/-36} 0-1

[Event "XIV Figueira da Foz Open 2020"]
[Site "Figueira da Foz"]
[Date "2020.10.29"]
[Round "7.9"]
[White "Tadevosyan, Aspet"]
[Black "Pintor, Simao Maciel Abranch"]
[Result "1-0"]
[WhiteElo "2136"]
[BlackElo "2115"]
[Annotator "TA"]
[PlyCount "94"]
[EventDate "2020.10.24"]
[EventType "swiss"]
[EventCountry "POR"]
[SourceTitle "playchess.com"]
[Source "ChessBase"]
[SourceQuality "1"]

{[%evp 21,94,23,25,31,29,29,52,52,57,39,38,30,34,30,43,29,21,22,43,21,51,5,14,-92,-93,-94,3,3,3,5,6,6,3,2,0,0,6,10,10,0,150,152,170,176,490,481,468,453,514,460,575,564,668,662,677,522,572,563,2333,2210,29958,10485,29982,29983,29983,29984,29983,29984,29986,29987,29986,29987,29988,29989,29991]} 1. e4 c5 2. Nf3 g6 3. d4 cxd4 4. Nxd4 Nc6 5. c4 Bg7 6. Be3 Nf6 7. Nc3 O-O 8. Be2 d6 9. O-O Nxd4 10. Bxd4 Bd7 11. h3 Bc6 12. Qc2 $1 {The main line 12.Qc2 scores better than 12.Qd3. B38: Sicilian: Maroczy Bind with 5...Bg7 and 7...0-0.} a5 13. Rad1 Qc7 14. Nd5 {White is slightly better.} Bxd5 15. exd5 {[#]} a4 $146 ({Predecessor:} 15... Nd7 16. Bxg7 Kxg7 17. Qc3+ Kg8 18. Rd4 Nc5 19. Rfd1 a4 20. h4 Qa5 21. Qc1 a3 {1-0 (33) Rakhmanov,A (2655)-Skoberne,J (2563) Batumi 2018}) 16. h4 Rfc8 17. Qd3 h5 18. Kh1 Nd7 19. g4 hxg4 20. Bxg4 Rf8 21. Rg1 {Hoping for Be6!} Bxd4 $1 22. Be6 (22. Qxd4 $11 {remains equal.} Nf6 23. h5) 22... Kg7 $1 $17 23. Qxd4+ Ne5 (23... Nf6 $1 $17 24. Bf5 Rh8) 24. f4 $11 {[%mdl 64] Pin} Qxc4 25. fxe5 Qxd4 26. Rxd4 {And now exd6 would win.} fxe6 {[%mdl 4096] Endgame KRR-KRR} 27. Rdg4 exd5 28. Rxg6+ Kf7 29. e6+ Ke8 30. R1g4 b5 {[#] Black is on the road to losing.} (30... a3 $11 31. Rb4 axb2 32. Rxb7 Rf6 33. Rg8+ Rf8) 31. h5 $1 $16 {[%cal Rh5h6][%mdl 1024] aiming for h6. White has strong compensation.} Kd8 {[#]} 32. h6 $1 Kc7 $2 (32... Rh8) 33. h7 $18 Rh8 34. Rg7 Kb6 35. Kg2 Rac8 36. Rxe7 Rc2+ 37. Kg3 Rc1 38. Kh2 a3 39. bxa3 {Rg8 is the strong threat.} Rhc8 40. Rf7 R1c2+ 41. Rg2 d4 42. Rxc2 {White mates.} Rxc2+ {KR-KR} 43. Kg3 Rc8 44. Kf3 Re8 45. e7 d3 46. Ke3 Kc6 47. Kxd3 Kd5 {Av CentiPawn Loss W=-45/B=-114. Weighted=-34/-108} 1-0

[Event "XIV Figueira da Foz Open 2020"]
[Site "Figueira da Foz"]
[Date "2020.10.29"]
[Round "7.10"]
[White "Loeffler, Stefan"]
[Black "Torres Dominguez, David"]
[Result "1/2-1/2"]
[WhiteElo "2352"]
[BlackElo "2029"]
[Annotator "TA"]
[PlyCount "71"]
[EventDate "2020.10.24"]
[EventType "swiss"]
[EventCountry "POR"]
[SourceTitle "playchess.com"]
[Source "ChessBase"]
[SourceQuality "1"]

{[%evp 12,71,38,45,39,37,54,6,6,18,56,57,65,47,54,52,82,67,129,126,132,130,228,222,237,228,222,208,219,202,201,114,119,97,109,111,93,30,81,33,54,0,0,0,0,0,0,0,0,0,0,0,0,0,0,0,0,0,0,0,0,-9]} 1. e4 e5 2. Bc4 Nc6 3. d3 Nf6 4. Nf3 Be7 5. O-O O-O 6. Re1 d6 7. a4 {[%cal Ba2a4,Ba4a5][%mdl 32]} a6 {C55: Two Knights: 4 d3, 4 d4 exd4 5 e5 and Max Lange Attack.} 8. Nbd2 {[%cal Bb1d2,Bd2f1,Bf1g3][%mdl 32] [#]} Nd7 $146 ({Predecessor:} 8... Be6 9. c3 h6 10. h3 Qd7 11. b4 Rfe8 12. Bb2 Bf8 13. Bxe6 Qxe6 14. b5 Ne7 15. d4 axb5 16. axb5 {½-½ (29) Savic,M (2506)-Brenjo,S (2466) Mosko 2015}) 9. Nf1 Nb6 10. Bb3 Kh8 11. a5 Nd7 12. Ng3 Nc5 13. Bd5 Be6 14. Be3 $36 {[%mdl 2048] White has some pressure.} Bxd5 (14... Rb8 $14) 15. exd5 $16 Nb4 {[#]} 16. d4 $1 {[%cal Rd4c5]} exd4 (16... Nd7 $16) 17. Bxd4 $18 Nxd5 {[#]} 18. Bxg7+ $1 {[%mdl 512]} Kxg7 19. Qxd5 Kh8 20. Nh5 Ne6 21. Nd4 ({Better is} 21. Rad1 $18) 21... c6 $16 22. Nxe6 cxd5 23. Nxd8 Bxd8 24. Re3 ({White should try} 24. Red1 $16) 24... d4 (24... Rc8 $11) 25. Rb3 Rc8 26. c3 (26. Rxb7 $14 Rxc2 27. Nf4) 26... Rc5 $11 {And now ...dxc3 would win.The position is equal.} 27. Ng3 dxc3 28. bxc3 Rxa5 29. Rxa5 Bxa5 30. Rxb7 Bxc3 {[%mdl 4096] Endgame KRB-KRN} 31. Ne4 Be5 32. Rd7 a5 33. Nxd6 Kg7 34. Kf1 Bxd6 ({Don't blunder} 34... Bxh2 $2 35. g3 $16) 35. Rxd6 Ra8 36. Rd7 {Black defended with fortune. Av CentiPawn Loss W=-13/B=-12. Weighted=-16/-15} 1/2-1/2

[Event "XIV Figueira da Foz Open 2020"]
[Site "Figueira da Foz"]
[Date "2020.10.29"]
[Round "7.11"]
[White "Silva, Mariana Sofia T."]
[Black "Margarido, Jose Miguel Teixeira"]
[Result "0-1"]
[WhiteElo "1885"]
[BlackElo "2138"]
[Annotator "TA"]
[PlyCount "135"]
[EventDate "2020.10.24"]
[EventType "swiss"]
[EventCountry "POR"]
[SourceTitle "playchess.com"]
[Source "ChessBase"]
[SourceQuality "1"]

{[%evp 9,135,-22,-27,-34,-22,-39,0,-27,-14,-22,-17,-48,-54,-43,75,-57,-52,-54,-55,-72,-54,-68,-62,-83,-81,-67,-78,-78,-91,-185,-88,-138,-120,-159,-155,-162,-61,-83,-75,-85,-75,-109,-89,-148,-164,-160,-166,-205,-183,-226,-212,-289,-231,-264,-264,-289,-220,-226,-182,-181,-182,-189,-178,-191,-175,-175,-92,-92,-92,-92,-92,-92,-92,-92,-92,-138,-6,-4,0,-122,-137,-125,-60,-54,-62,-62,-54,-75,-62,-56,-64,-75,-82,-118,-84,-110,-114,-157,-108,-134,-136,-145,-112,-118,-118,-134,-56,-56,-63,-33,-6,-166,-29,-102,-5,-31,-8,-2,0,0,-3,-18,0,0,80,5,5222,0]} 1. Nf3 Nf6 2. g3 d5 3. b3 c5 4. Bb2 Nc6 5. Bg2 Qc7 6. O-O {A08: King's Indian Attack.} e5 7. d3 g6 8. Nbd2 {The position is equal.} Bg7 {[#]} 9. e4 $146 ({Predecessor:} 9. c4 d4 10. Ne4 Nxe4 11. dxe4 f5 12. Ne1 fxe4 13. Bxe4 Bh3 14. Nd3 Ne7 15. Ba3 {1-0 (55) Safanowski,T (1791)-Jarmula,L (1634) Warsaw 2010}) 9... O-O 10. h3 h6 11. Re1 Be6 {[#]} (11... d4 $15 {stays ahead.}) 12. exd5 (12. Nxe5 $1 $16 {[%mdl 512]} Bxh3 (12... Nxe5 13. Bxe5) 13. Bxh3 Nxe5 14. f4) 12... Nxd5 $15 13. Nc4 {[%cal Rf3e5]} f6 14. a4 Bf7 15. Qe2 Rfe8 16. Nfd2 Nd4 17. Qd1 Rad8 18. Ne3 Nb4 19. Ndc4 (19. Rc1 $17 {was worth a try.}) 19... Ndc6 (19... f5 $1 $19 {and Black stays clearly on top.} 20. Na3 a6 21. Bxd4 cxd4) 20. Qe2 f5 21. Rab1 Nd4 22. Qd2 f4 (22... e4 $19 23. Bxd4 Rxd4) 23. Bxd4 exd4 24. Nf1 fxg3 25. Nxg3 b6 26. Ne4 (26. f4 $142) 26... Nd5 27. Qd1 Nf4 28. Bf1 g5 29. Qf3 Bd5 30. Ncd2 Rf8 31. Qg3 Be5 32. Kh1 Rde8 33. Nc4 Qg7 34. Nxe5 Rxe5 35. Bg2 Ref5 36. Rf1 Bb7 37. Rbe1 Nxg2 (37... Bc6 $19 38. f3 Kh8) 38. Kxg2 $17 Kh8 39. f3 Rf4 40. Re2 Bd5 41. Qe1 Qf7 {[%cal Rf4f3]} 42. Ref2 Qh5 (42... Kh7 $17 43. Kh2 Qg6) 43. Ng3 $11 Qf7 {[%cal Rd5f3]} ({Not} 43... Rxf3 $2 44. Qe5+ Kh7 45. Qxd5 $18 (45. Nxh5 $2 {leads to mate.} Rxf2+ 46. Kg1 Rg2+ 47. Kh1 Rxf1#)) 44. Qe5+ (44. Ne4 $1 $11 {was the only way to keep the balance.}) 44... Kg8 $17 45. Ne4 Ba8 (45... Bxe4 $17 46. dxe4 Qd7) 46. a5 $15 Bxe4 47. dxe4 Re8 48. Qd6 Rf6 $36 {[%mdl 2048] Black is more active.} 49. Qg3 Rf4 50. axb6 axb6 {[%cal Ba7b6,Bb6b5][%mdl 32]} 51. Rd1 Rf8 52. Rd3 Qf6 53. Rd1 b5 54. Rd3 Kh8 55. Kg1 Qe5 56. Kg2 Kh7 57. Rf1 c4 (57... R8f7 $17 58. Rdd1 Qe6) 58. bxc4 bxc4 59. Ra3 Qf6 60. Rf2 $2 {[#]} (60. Ra4 $11 {and White stays safe.}) 60... Kh8 (60... h5 $1 $19 {[%cal Rh5h4] White must now prevent ...h4.} 61. Kg1 Rf7) 61. Ra5 (61. Ra7 $11 {keeps the balance.}) 61... Rd8 ({Black should try} 61... Rf7 $17) 62. Rf1 d3 63. cxd3 $1 cxd3 64. Rd1 Qc3 {Threatens to win with ...Qc2+.} 65. Raa1 Qc2+ 66. Qf2 {aiming for Qxc2.} Rc8 {[#]} (66... Rdf8 $11) 67. Rac1 (67. Rd2 $1 $16 {Qd4+ is the strong threat.} Qc3 68. Rad1) 67... Qxc1 $4 {[%mdl 8192]} (67... Qxf2+ $11 68. Kxf2 Rcf8 69. Rxd3 Rxe4) 68. Qd4+ $2 {[%mdl 32768] White used his chance. Av CentiPawn Loss W=-38/B=-40. Weighted=-63/-68. Loss on time!?} ({White must play} 68. Rxc1 $18 Rxc1 69. Qb2+ {[%mdl 64] Double Attack} Kg8 70. Qxc1) 0-1